| 000 | 00723nam a2200289Ia 4500 | ||
|---|---|---|---|
| 005 | 20260324115333.0 | ||
| 008 | 008 260324s9999 xx 000 0 eng d | ||
| 020 | _a9780429399626 | ||
| 037 | _aEBOOK | ||
| 040 | _aCRL | ||
| 040 | _beng | ||
| 040 | _cCRL | ||
| 041 | _2eng | ||
| 041 | _aeng | ||
| 084 | _qCRL | ||
| 100 |
_aDimitris Vartziotis; Joachim Wipper _91154274 |
||
| 245 | 4 | _aThe GETMe Mesh Smoothing Framework | |
| 245 | 2 | _bA Geometric Way to Quality Finite Element Meshes | |
| 260 | _bTaylor and Francis | ||
| 260 | _c2018 | ||
| 365 | _a | ||
| 365 | _b240 | ||
| 856 | _uhttp://www.taylorfrancis.com/books/9780429399626 | ||
| 942 | _cEBOOK | ||
| 999 |
_c1745088 _d1745088 |
||